| 000 | 00501nam a22001577a 4500 | ||
|---|---|---|---|
| 005 | 20251108164050.0 | ||
| 008 | 250721s1986 xx 000 0 ara d | ||
| 082 | 1 | 4 | _a001.94/ريا |
| 100 | 1 | _aالعبد الله، رياض مصطفى | |
| 245 | 1 | 0 | _aأغرب القبائل و الشعوب بالقرن العشرين / |
| 264 | 1 |
_aدمشق : _bدار الكتاب العربي، _c1986 1982. |
|
| 300 | _aج3.:مصور | ||
| 650 | 1 | 7 | _aعجائب و غرائب |
| 942 |
_2ddc _cBK |
||
| 999 |
_c2752 _d2752 |
||